=LDR 00000nam 2200000 4500 =001 $a INLIS000000000008541 =005 $a 20260629130333 =008 $a 260629################g##########0#ind## =022 ##$$a 978-979-1936-22-4 =035 ##$$a 0010-0626000168 =082 ##$$a 133.82 =084 ##$$a 133.82 PHO m =100 1#$$a Phoenix, RA. =245 ##$$a Melatih Indra Keenam $b - $c RA. Phoenix =246 ##$$a =260 ##$$a Semarang $b Pustaka Widyamara $c 2009 =300 ##$$a vi+122 hlm. $b $c 20 cm. $d =336 ##$$a =337 ##$$a =338 ##$$a =520 #$$a =650 #$$a Intuisi =650 #$$a Telepati =700 #$$a =740 ##$$a =856 ##$$a =Wor $a 1